Echecs - Trouvez l'échec et mat en 1 coup #1 - Statistiques

Statistiques générales
  • Ce quiz a été pris 226 fois
  • Le résultat moyen est 8 sur 12
Statistiques - réponses
Par images Hint Réponse % Correct
Trait au noir Dame H4
96%
Trait au blanc Fou F7
93%
Trait au noir Pion F4
91%
Trait au noir Cavalier D5
89%
Trait au blanc Tour C7
88%
Trait au blanc Pion G4
87%
Trait au blanc Cavalier F7
72%
Trait au noir Cavalier F2
64%
Trait au blanc Tour F4
64%
Trait au blanc Dame E8
57%
Trait au blanc Dame C7
30%
Trait au blanc Dame B5
17%
Aucun quiz correspondant
Distribution des résultats
% des personnes avec chaque résultat
Percentile par nombre de réponses
Votre historique - résultats
Vous n’avez pas pris ce quiz